000 00341nam a22001457a 4500
008 221115b ||||| |||| 00| 0 eng d
020 _a9780323084680
041 _aeng
080 _2ELEVENTH EDITION
_a61
082 _a61MOS
100 _a5
101 _aMJK
245 _aDIAGNOSTIC LABORATORY TEST REFERENCE
_cMOSBY'S
942 _2udc
_cBK
999 _c58908
_d58908